| 000 | 00529nam a22001457a 4500 | ||
|---|---|---|---|
| 999 |
_c60952 _d60952 |
||
| 005 | 20231129114804.0 | ||
| 008 | 231129s1980 ru ||||| |||| 00| 0 rus d | ||
| 041 | _arus | ||
| 080 | _a069 Б-87 | ||
| 245 |
_aБританский музей. Лондон / _cСоставитель Б.И. Ривкин. |
||
| 264 |
_aМосква : _bИзобразительное искусство, _c1980. |
||
| 300 |
_a256 с. : _bил.; _c30 см. |
||
| 653 | _aᲑრიტანული მუზეუმი | ||
| 942 |
_2udc _cᲬᲘᲒᲜᲘ |
||